Litter decomposition in a subarctic spruce-lichen Woodland, Eastern Canada (Registro nro. 9739)

Detalles MARC
000 -CABECERA
Campo de control 004950000a22001690004500
090 ## - CLASIFICACIÓN LOCAL
Colección AR
Consecutivo 00647
041 0# - IDIOMA
Código de idioma para texto/pista de sonido o título separado
100 1# - ASIENTO PRINCIPAL--NOMBRE PERSONAL
Nombre personal Moore, T. R.
245 10 - MENCION DE TITULO
Título Litter decomposition in a subarctic spruce-lichen Woodland, Eastern Canada
650 14 - ASIENTO SECUNDARIO DE MATERIA - TERMINO TEMATICO
Término temático o nombre geográfico como elemento de entrada Hojarasca
650 14 - ASIENTO SECUNDARIO DE MATERIA - TERMINO TEMATICO
Término temático o nombre geográfico como elemento de entrada Productividad primaria
650 14 - ASIENTO SECUNDARIO DE MATERIA - TERMINO TEMATICO
Término temático o nombre geográfico como elemento de entrada Descomposición
650 14 - ASIENTO SECUNDARIO DE MATERIA - TERMINO TEMATICO
Término temático o nombre geográfico como elemento de entrada Ciclo de nutrientes
651 #4 - ASIENTO SECUNDARIO DE MATERIA - NOMBRE GEOGRAFICO
-- Canada
773 1# - Item fuente:
Título Ecology
Especificación de materiales 57
Descripción física 1
Paginas del Articulo 299-308
Lugar, editorial y fecha de publicación 1984
Información sobre la relación 65
942 ## - ELEMENTOS ADICIONALES (KOHA)
Tipo de ítem Artículo
Existencias
Withdrawn status Lost status Damaged status No para préstamo Colección Ubicación Permanente Ubicación actual Fecha de adquisición Fuente de Valor Datos de publicación Seriada Total Checkouts Número topográfico Inventario / Código de Barras Date last seen Ejemplar Price effective from Forma de adquisición Tipo de material
      No para Préstamo Hemeroteca Bogotá Bogotá 27/02/2015 Muñoz Saba, Yaneth Fuera de circulación   AR 00647 010963 25/03/2015 1 25/03/2015   Artículo